Nonlinear Dynamics of Spot and Forward Exchange Rates <An> Application of a Seminonparametric Estimation Procedure
Gespeichert in:
| 1. Verfasser: | |
|---|---|
| Weitere Verfasser: | |
| Format: | Buch |
| Sprache: | Englisch |
| Veröffentlicht: |
Wien
Institut für Höhere Studien
1994
|
| Ausgabe: | 1. ed. |
| Schriftenreihe: | Research Memorandum
No.348 |
| Schlagworte: | |
| Tags: |
Keine Tags, Fügen Sie das erste Tag hinzu!
|
MARC
| LEADER | 00000nam a2200000 4500 | ||
|---|---|---|---|
| 001 | c012635 | ||
| 005 | 20250509104040.2 | ||
| 041 | 0 | |a eng | |
| 044 | |a AT | ||
| 245 | 1 | 0 | |a Nonlinear Dynamics of Spot and Forward Exchange Rates |b <An> Application of a Seminonparametric Estimation Procedure |c Chien-Te Hsu, Peter Kugler |
| 250 | |a 1. ed. | ||
| 264 | 1 | |a Wien |b Institut für Höhere Studien |c 1994 | |
| 300 | |a 32 s. | ||
| 490 | 1 | |a Research Memorandum |v No.348 | |
| 830 | 0 | |a Research Memorandum |v No.348 | |
| 610 | 2 | 0 | |a kurz devízový |
| 610 | 2 | 0 | |a obchody burzové |
| 610 | 2 | 0 | |a trh devízový |
| 610 | 2 | 0 | |a dynamika systémov |
| 610 | 2 | 0 | |a procedúry výskumné |
| 610 | 2 | 0 | |a modely nelineárne |
| 100 | 1 | |a Hsu, Chien-Te | |
| 700 | 1 | |a Kugler, Peter | |